LEADER 00952nam0-22003011i-450- 001 990000494540403321 005 20091123114147.0 035 $a000049454 035 $aFED01000049454 035 $a(Aleph)000049454FED01 035 $a000049454 100 $a20020821d--------km-y0itay50------ba 101 0 $aita 105 $ay-------001yy 200 1 $aAutocad-Autolisp$epersonalizzazione e programmazione per architettura e ingegneria$eprogetto e utilizzo di un sistema grafico personalizzato per minimizzare i tempi di disegno ...$fBruno Zan 210 $aPalermo$cFlaccovio$d1991 215 $a166 p.$cill.$d28 cm 610 0 $aMicroelaboratori$aProgrammazione 610 0 $aAutocad 676 $a006.686 700 1$aZan,$bBruno$0340156 801 0$aIT$bUNINA$gRICA$2UNIMARC 901 $aBK 912 $a990000494540403321 952 $a10 P.T. 614$b2048 DIS$fDINEL 959 $aDINEL 996 $aAUTOCAD-AUTOLISP$9318500 997 $aUNINA LEADER 00924nam0-22003251i-450- 001 990003856070403321 005 20060510112119.0 035 $a000385607 035 $aFED01000385607 035 $a(Aleph)000385607FED01 035 $a000385607 100 $a20030910d1956----km-y0itay50------ba 101 0 $aeng 200 1 $aCapital and its structure$fBy L. M. Lachmann 210 $aLondon$cBell & Sons$cThe London School of Economics and Political Science$d1956 215 $aix, 130 p.$d22 cm 610 0 $aCapitale$aFormazione 676 $aG/3.32 700 1$aLachmann,$bLudwig M.$f<1906- >$0124845 801 0$aIT$bUNINA$gRICA$2UNIMARC 901 $aBK 912 $a990003856070403321 952 $aXV O1 7$fDTE 952 $aG/3.32 LAC/56$b012587$fSES 952 $aXV M 594$b66454$fFGBC 959 $aSES 959 $aDTE 959 $aFGBC 996 $aCapital and its structure$9514989 997 $aUNINA